000 00892pam a2200253 a 4500
001 3015381
005 20171218091327.0
008 940706s1995 mdua b 000 0 eng
010 _a 94028847
020 _a0819196967 (cloth : alk. paper)
020 _a0819196975 (pbk. : alk. paper)
040 _aDLC
_cDLC
_dDLC
041 _aeng
043 _af-sl---
080 _a364.132309664 KPU
082 0 0 _a364.132309664 KPU
_220
100 1 _a19
101 _aPOL
245 1 0 _aPolitics and corruption in Africa :
_cSahr John Kpundeh ; foreword by Michael Johnston.
504 _aIncludes bibliographical references (p. [234]-248).
906 _a7
_bcbc
_corignew
_d1
_eocip
_f19
_gy-gencatlg
942 _2ddc
_cBK
999 _c39120
_d39120